Ekonomičeskaja effektivnost' techničeskogo progressa v neftjanoj promyšlennosti
Guardado en:
| Autor principal: | |
|---|---|
| Formato: | Libro |
| Lenguaje: | ruso |
| Publicado: |
Moskva
Nedra
1982
|
| Colección: | Ekonomičeskaja žizn' strany
|
| Etiquetas: |
Sin Etiquetas, Sea el primero en etiquetar este registro!
|
MARC
| LEADER | 00000nam a2200000 4500 | ||
|---|---|---|---|
| 001 | c135020 | ||
| 005 | 20041019155303.0 | ||
| 041 | 0 | |a rus | |
| 044 | |a RU | ||
| 245 | 1 | 0 | |a Ekonomičeskaja effektivnost' techničeskogo progressa v neftjanoj promyšlennosti |c Vasilij Ivanovič Luzin |
| 264 | 1 | |a Moskva |b Nedra |c 1982 | |
| 300 | |a 159 s. | ||
| 490 | 1 | |a Ekonomičeskaja žizn' strany | |
| 830 | 0 | |a Ekonomičeskaja žizn' strany | |
| 100 | 1 | |a Luzin, Vasilij Ivanovič | |